000 00793nam a2200241 i 4500
003 IT-RoINE
005 20170718092914.0
008 030924s1961 it r 000 bbita d
040 _aPUG
_bita
_cIT-RoINE
100 1 _aBellò, Carlo,
_d1923-1983
_96765
245 1 0 _aGeremia Bonomelli /
_cCarlo Bellò.
260 _aBrescia :
_bMorcelliana,
_c1961.
300 _a335 p. ;
_c23 cm.
336 _2rdacontent
_atext
337 _2rdamedia
_aunmediated
338 _2rdacarrier
_avolume
490 1 _aStudi e documenti di storia religiosa
500 _aIncluye índices.
600 1 4 _aBonomelli, Geremia,
_cObispo de Cremona,
_d1831-1914
_92071
_xBiografía
651 4 _aItalia
_xHistoria eclesiástica
_y1861-1914
_936995
830 0 _aStudi e documenti di storia religiosa
_96767
942 _cMTS
999 _c3363
_d3363